zpět

Detail výsledku týmu

MusiClub Drago, Nový Jičín

Datum a čas kvízu

31.5 Celkem bodů Celkový počet nahraných bodů na tomto kvízu bez doplňovacích otázek.
9. Pořadí na kvízu Konečné umístění týmu na tomto kvízu.

Zaznamenané odpovědi

# Otázka Odpověď Body Výsledky
1. Prezident České republiky jmen... předseda Nejvyššího soudu 1
2. Příspěvky amerického prezident... malárie 1
3. Na Netflixu je nově možné sled... o Michelle Obamové 1
4. Jak se nazývá důl na Karvinsku... Darkov 1
5. Jaromír Jágr na Facebooku láka... Jozef Golonka 1
6. Napište zcela správně latinsky... Universae 1
7. Přiřaďte v České republice mož... 1C 2A 3D 4B 0
8. Některé tituly se již neuděluj... MDDr. 0
9. Vyberte titul, jehož zkratka j... A 0
10. Pokud jsou si dva tituly rovno... ten novější 0